02200cam a22003254a 450000100090000000300050000900500170001400800410003101000170007201600200008902000360010902000330014502000270017802000230020503500280022804000470025604200080030305000240031108200150033524500890035026000340043930000350047350000080050850400410051650510640055765000260162170000440164785600910169185600920178214927688NUST20170616112805.0070713s2006 ne a b 000 0 eng c a 20074511367 a1012880072DNLM z9781402040573 (HB : alk. paper) a1402040571 (HB : alk. paper) z9781402040580 (e-book) a140204058X (ebook) a(CStRLIN)CSUGA6532835-B aOHXcNLMdOHXdBAKERdABCdYDXCPdLHLdDLC apcc00aR857.B54bB535 2006 a610.28 JER00aBiosensing :binternational research and development /cJerome Schultz ... [et al.]. aDordrecht :bSpringer,c2006. axxix, 387 p. :bill. ;c25 cm. aP.B aIncludes bibliographical references.0 aExecutive summary -- 1. Infrastructure overview / Jerome Schultz -- 2. Optical biosensing / David R. Walt -- 3. Electro-based sensors and surface engineering / Milan Mrksich -- 4. Cell and tissue-based sensors / Sangeeta N. Bhatia -- 5. Mass spectrometry and biosensing research / Charles L. Wilkins -- 6. Microfabricated biosensing devices: MEMS, microfluidics, and mass sensors / Antonio J. Ricco -- 7. Information systems for biosensing / David J. Brady -- Appendices. A. Panel biographies ; B. Site reports: Europe and Australia ; C. Site reports: Japan ; D. NIH grants related to biosensing, CY2002 ; E. NSF-sponsored projects related to biosensing, CY2002 ; F. DOD/DARPA programs related to biosensing ; G.U.S. Army Research Office-funded projects related to biosensing, as of March 2004 ; H.U.S. Department of Energy research related to biosensing (1999) ; I. European Union 6th Framework Programme (2002-2006) ; J. Europe and Japan patents related to biosensing, 1999-2003 ; K. Bibliometric study of world biosensors research, 1997-2002 ; L. Glossary. 0aBiosensorsxResearch.1 aSchultz, J. S.q(Jerome Samson),d1933-423Publisher descriptionuhttp://www.loc.gov/catdir/enhancements/fy0824/2007451136-d.html413Table of contents onlyuhttp://www.loc.gov/catdir/enhancements/fy0824/2007451136-t.html